PROJECT (Record no. 8918)
[ view plain ]
| 000 -LEADER | |
|---|---|
| fixed length control field | 01441nam a22001577a 4500 |
| 003 - CONTROL NUMBER IDENTIFIER | |
| control field | SGT |
| 020 ## - INTERNATIONAL STANDARD BOOK NUMBER | |
| International Standard Book Number | 9789332902572 |
| 100 ## - MAIN ENTRY--PERSONAL NAME | |
| Personal name | CHANDRA,PRASANNA |
| 245 ## - TITLE STATEMENT | |
| Title | PROJECT |
| Remainder of title | PLANNING ANALYSIS,SELECTION,FINANCING,IMPLEMENTATION,AND REVIEW |
| 250 ## - EDITION STATEMENT | |
| Edition statement | 8TH |
| 260 ## - PUBLICATION, DISTRIBUTION, ETC. (IMPRINT) | |
| Place of publication, distribution, etc | NEW DELHI |
| Name of publisher, distributor, etc | TMH |
| Year of Publication | 2014 |
| 300 ## - PAGE DESCRIPTION | |
| No. of Pages | V.P |
| 650 ## - SUBJECT ADDED ENTRY--TOPICAL TERM | |
| Topical term or geographic name as entry element | MANAGEMENT |
| 653 ## - KEYWORDS--INDEX TERM | |
| Keyword term | PART I: PLANNING 1. OVERVIEW 2. STRATEGY AND RESOURCE ALLOCATION 3. GENERATION AND SCREENING OF PROJECT IDEAS PART II: ANALYSIS 4. MARKET AND DEMAND ANALYSIS 5. TECHNICAL ANALYSIS 6. FINANCIAL ESTIMATES AND PROJECTIONS PART III: SELECTION I 7. THE TIME VALUE OF MONEY 8. INVESTMENT CRITERIA 9. PROJECT CASH FLOWS 10. THE COST OF CAPITAL 11. PROJECT RISK ANALYSIS PART IV: SELECTION II 12. PROJECT RATE OF RETURN 13. SPECIAL DECISIONS SITUATIONS 14. SOCIAL COST BENEFIT ANALYSIS 15. MULTIPLE PROJECTS AND CONSTRAINTS 16. VALUATION OF REAL OPTIONS 17. JUDGEMENTAL, BEHAVIOURAL, STRATEGIC, AND ORGANISATIONAL CONSIDERATIONS PART V: FINANCING 18. FINANCING OF PROJECTS 19. FINANCING INFRASTRUCTURE PROJECTS 20. VENTURE CAPITAL AND PRIVATE EQUITY PART VI: IMPLEMENTATION 21. PROJECT MANAGEMENT 22. NETWORK TECHNIQUES FOR PROJECT MANAGEMENT PART VII: REVIEW 23. PROJECT REVIEW AND ADMINISTRATIVE ASPECTS APPENDIX A: TABLES APPENDIX B: ASSESSING THE TAX BURDEN APPENDIX C: ENVIRONMENTAL IMPACT ASSESSMENT APPENDIX D: DETAILED PROJECT REPORT BIBLIOGRAPHY |
| 942 ## - ADDED ENTRY ELEMENTS (KOHA) | |
| Source of classification or shelving scheme | Dewey Decimal Classification |
| Koha item type | FCM Books |
No items available.